000
00313nam a22001337a 4500
008
170126b xxu||||| |||| 00| 0 eng d
020
_a
9781416054382
041
_a
eng
080
_2
7TH
_a
61
100
_a
3
101
_a
MED
245
_a
THE ADMINISTRATIVE MEDICAL ASSISTANT
_c
YOUNG-ADAMS, A.P
942
_2
udc
_c
BK
999
_c
3792
_d
3792